000 00512nam a2200169 i 4500
001 37835
003 ES-MaACL
005 20230906155642.0
007 t|
008 030224s1965 sp ||||1| spa d
100 1 _aCaffarel, Henri.
_933413
245 1 3 _aEl matrimonio, ese gran sacramento /
_cHenri Caffarel ; traducción por Santos Beguiristain.
260 _aMadrid :
_bEuramérica,
_c[1965]
300 _a261 p. ;
_c18 cm.
700 1 _aBeguiristain, Santos.
_927042
852 _aES-MaACL
_jC-28547
_bR.57692
999 _c37835
_d37835